Plan general de manejo para la Reserva Natural Absoluta Cabo Blanco Universidad de Costa Rca. Escuela de Biología y otros
Este documento presenta el análisis a la propuesta de un plan de manejo de las áreas silvestres ante el impacto por visitación turística en la Reserva Natural Absoluta de Cabo Blanco y responde a una solicitud del ICT a la Universidad de Costa Rica.
Wedi'i Gadw mewn:
| Awduron Corfforaethol: | , , , |
|---|---|
| Fformat: | Trafodyn Cynhadledd Llyfr |
| Iaith: | Spanish |
| Cyhoeddwyd: |
San José, Costa Rica
UCR
1994
|
| Pynciau: | |
| Tagiau: |
Ychwanegu Tag
Dim Tagiau, Byddwch y cyntaf i dagio'r cofnod hwn!
|
MARC
| LEADER | 00000nam a2200000 4500 | ||
|---|---|---|---|
| 003 | cru CIDCACS/IIS | ||
| 005 | 20230509153109.0 | ||
| 008 | 230221b1994 cr ||||| |||| 00| 0 spa d | ||
| 040 | |c cru CIDCACS/IIS | ||
| 090 | |b 16.04.01 U58p | ||
| 110 | 1 | |9 10931 |a Universidad de Costa Rca. Escuela de Biología | |
| 245 | |a Plan general de manejo para la Reserva Natural Absoluta Cabo Blanco |b Universidad de Costa Rca. Escuela de Biología y otros | ||
| 260 | |a San José, Costa Rica |b UCR |c 1994 | ||
| 300 | |a 128 páginas | ||
| 520 | |a Este documento presenta el análisis a la propuesta de un plan de manejo de las áreas silvestres ante el impacto por visitación turística en la Reserva Natural Absoluta de Cabo Blanco y responde a una solicitud del ICT a la Universidad de Costa Rica. | ||
| 650 | 0 | |9 3809 |a PLANES DE DESARROLLO | |
| 650 | 0 | |9 2693 |a RESERVAS NATURALES | |
| 650 | 0 | |9 2234 |a CONSERVACION DE LA NATURALEZA | |
| 650 | 0 | |9 1265 |a TURISMO | |
| 710 | 1 | |9 10932 |a Fundación de la Universidad de Costa Rica para la Investigación (FUNDEVI) | |
| 710 | 1 | |9 10933 |a Instituto Costarricense de Turismo (ICT) | |
| 711 | 1 | |9 10934 |a Sistema de Parques Nacionales (SPN) | |
| 942 | |2 ddc |c LITG |h 16.04.01 U58p |i 00769 |6 160401_U58P_00769 | ||
| 999 | |c 44774 |d 44774 | ||
